| 000 | 00405nam a2200145Ia 4500 | ||
|---|---|---|---|
| 008 | 220216s9999 xx 000 0 und d | ||
| 100 | _aPlapade E O | ||
| 245 | 0 | _aEstimates of heterosis in Hevea brasiliensis | |
| 260 | _bHevea 88: IRRDB, 2 August to 7 November 1988, Paris. pp.377-384. | ||
| 650 | _aDominance | ||
| 650 | _aHeterosis | ||
| 650 | _aPotence-ratio | ||
| 650 | _aProgenies | ||
| 942 | _cJS | ||
| 999 |
_c58800 _d58800 |
||